[Event "Hamburg-chT Landesliga 2122"]
[Site "Hamburg"]
[Date "2022.05.08"]
[Round "9.4"]
[White "Schiele, Lars"]
[Black "Kluth, Carsten"]
[Result "1-0"]
[WhiteElo "2063"]
[BlackElo "2105"]
[PlyCount "81"]
[EventDate "2021.10.31"]
[EventType "team-tourn"]
[EventRounds "9"]
[EventCountry "GER"]
[SourceTitle "EXT 2023"]
[Source "ChessBase"]
[SourceDate "2022.10.05"]
[SourceVersion "1"]
[SourceVersionDate "2022.10.05"]
[SourceQuality "1"]
[WhiteTeam "Weisse Dame"]
[BlackTeam "St Pauli III"]
[WhiteTeamCountry "GER"]
[BlackTeamCountry "GER"]

1. d4 d5 2. c4 c6 3. Nf3 Nf6 4. Nc3 dxc4 5. a4 Bf5 6. e3 e6 7. Bxc4 Bb4 8. 0-0 0-0 9. Qb3 Qe7 10. Bd2 a5 11. Rfe1 Bg6 12. Ne5 Nbd7 13. Nxg6 hxg6 14. e4 e5 15. dxe5 Nxe5 16. Bf1 Qc7 17. h3 Rad8 18. Be3 Nd3 19. Red1 Nc5 20. Qc2 Ne6 21. Ne2 g5 22. Nd4 Nxd4 23. Bxd4 Qf4 24. f3 Bd6 25. Bb6 Qh2+ 26. Kf2 Bg3+ 27. Ke2 Rxd1 28. Rxd1 Nh5 29. Rd7 Be5 30. Kd2 Qf4+ 31. Be3 Qf6 32. Bc4 Bxb2 33. Bc5 Qf4+ 34. Kd1 Nf6 35. Rd2 Be5 36. Bxf8 Kxf8 37. Qd3 Bc7 38. Qa3+ Kg8 39. Qe7 Bb6 40. Qxf7+ Kh7 41. Rd7 1-0

[Event "Blankenese op 3rd"]
[Site "Hamburg"]
[Date "2019.10.03"]
[Round "1"]
[White "Kluth, Carsten"]
[Black "Braeutigam, Alexander"]
[Result "1-0"]
[WhiteElo "2055"]
[BlackElo "1571"]
[PlyCount "53"]
[EventDate "2019.10.03"]
[EventType "swiss"]
[EventRounds "7"]
[EventCountry "GER"]
[SourceTitle "EXT 2023"]
[Source "ChessBase"]
[SourceDate "2022.10.05"]
[SourceVersion "1"]
[SourceVersionDate "2022.10.05"]
[SourceQuality "1"]

1. d4 Nf6 2. Bf4 e6 3. e3 a6 4. Nf3 c5 5. c3 Nc6 6. Bd3 d5 7. Nbd2 c4 8. Bc2 b5 9. 0-0 Bd6 10. Bg3 Bxg3 11. hxg3 a5 12. a3 Bd7 13. Ne5 Qc7 14. f4 Ng8 15. e4 Nge7 16. Qh5 g6 17. Qg5 Ng8 18. exd5 h6 19. Qh4 exd5 20. Rae1 Nce7 21. g4 0-0-0 22. Nxf7 Rh7 23. Nxd8 Qxd8 24. Nf3 Rg7 25. Ne5 g5 26. fxg5 hxg5 27. Qh8 1-0

[Event "Oberliga Nord N 1314"]
[Site "Germany"]
[Date "2014.02.09"]
[Round "6.7"]
[White "Kluth, Carsten"]
[Black "Korba, Roman"]
[Result "0-1"]
[WhiteElo "2164"]
[BlackElo "2217"]
[PlyCount "124"]
[EventDate "2013.10.13"]
[EventType "team-tourn"]
[EventRounds "9"]
[EventCountry "GER"]
[SourceTitle "EXT 2015"]
[Source "ChessBase"]
[SourceDate "2014.11.20"]
[SourceVersion "1"]
[SourceVersionDate "2014.11.20"]
[SourceQuality "1"]
[WhiteTeam "St Pauli"]
[BlackTeam "Hamburg Diogenes"]
[WhiteTeamCountry "GER"]
[BlackTeamCountry "GER"]

1. d4 g6 2. Nf3 Bg7 3. e3 f5 4. Bc4 Nf6 5. Nbd2 b6 6. 0-0 Bb7 7. Ne5 e6 8. b3 0-0 9. Bb2 Qe7 10. a4 d6 11. Nef3 h6 12. a5 Nbd7 13. Qe2 c5 14. Ba6 Bc6 15. Bb5 Bxb5 16. Qxb5 a6 17. Qe2 b5 18. c4 b4 19. e4 Rfe8 20. e5 dxe5 21. dxe5 Nh7 22. g3 Rad8 23. Rad1 Nb8 24. Ne1 Rd7 25. f4 Qd8 26. Nef3 Qxa5 27. Ra1 Qb6 28. Rfd1 Red8 29. Nf1 Nc6 30. Rxd7 Rxd7 31. Rd1 Qd8 32. Rxd7 Qxd7 33. Bc1 Bf8 34. Be3 Be7 35. Qf2 Qd3 36. N1d2 g5 37. Bxc5 gxf4 38. Bxe7 Nxe7 39. gxf4 Nf8 40. Qd4 Qe2 41. Qf2 Qd1+ 42. Kg2 Neg6 43. Kg3 h5 44. h3 a5 45. Qe3 Qc2 46. Nd4 h4+ 47. Kf3 Qd1+ 48. Kg2 Qc1 49. Ne2 Qe1 50. Nf1 Qxe2+ 51. Qxe2 Nxf4+ 52. Kf2 Nxe2 53. Kxe2 Nd7 54. Ke3 Nxe5 55. Kf4 Nd3+ 56. Kg5 Nc5 57. Nd2 Ne4+ 58. Nxe4 fxe4 59. c5 Kf7 60. Kxh4 a4 61. c6 Ke7 62. bxa4 Kd6 0-1

[Event "Oberliga Nord N 1314"]
[Site "Germany"]
[Date "2014.01.19"]
[Round "5.7"]
[White "Kluth, Carsten"]
[Black "Spaet, Alexander"]
[Result "1/2-1/2"]
[WhiteElo "2164"]
[BlackElo "1993"]
[PlyCount "33"]
[EventDate "2013.10.13"]
[EventType "team-tourn"]
[EventRounds "9"]
[EventCountry "GER"]
[SourceTitle "EXT 2015"]
[Source "ChessBase"]
[SourceDate "2014.11.20"]
[SourceVersion "1"]
[SourceVersionDate "2014.11.20"]
[SourceQuality "1"]
[WhiteTeam "St Pauli"]
[BlackTeam "Hamburg Koenigsspringer"]
[WhiteTeamCountry "GER"]
[BlackTeamCountry "GER"]

1. d4 d5 2. Nf3 Nf6 3. Bf4 g6 4. e3 Bg7 5. Be2 0-0 6. 0-0 b6 7. c4 Bb7 8. Nc3 Nbd7 9. b4 c5 10. bxc5 bxc5 11. Rb1 Bc6 12. dxc5 dxc4 13. Bxc4 Qa5 14. Nb5 Rac8 15. Nbd4 Ba4 16. Bb3 Nxc5 17. Bxa4 1/2-1/2

[Event "Oberliga Nord N 1314"]
[Site "Germany"]
[Date "2013.11.10"]
[Round "2.8"]
[White "Kluth, Carsten"]
[Black "Westphal, Wolfgang"]
[Result "1/2-1/2"]
[WhiteElo "2164"]
[BlackElo "2179"]
[PlyCount "33"]
[EventDate "2013.10.13"]
[EventType "team-tourn"]
[EventRounds "9"]
[EventCountry "GER"]
[SourceTitle "EXT 2015"]
[Source "ChessBase"]
[SourceDate "2014.11.20"]
[SourceVersion "1"]
[SourceVersionDate "2014.11.20"]
[SourceQuality "1"]
[WhiteTeam "St Pauli"]
[BlackTeam "Schwerin"]
[WhiteTeamCountry "GER"]
[BlackTeamCountry "GER"]

1. d4 Nf6 2. Nf3 b6 3. Bf4 e6 4. e3 Bb7 5. Bd3 Be7 6. h3 0-0 7. Nbd2 c5 8. Qe2 d5 9. c3 Ne4 10. 0-0 Nd7 11. Ne5 Nxd2 12. Qxd2 Nxe5 13. Bxe5 Bd6 14. Bxd6 Qxd6 15. f4 f5 16. a3 a5 17. g4 1/2-1/2

[Event "Oberliga Nord N 9900"]
[Site "Germany"]
[Date "2000.??.??"]
[Round "?"]
[White "Kluth, Carsten"]
[Black "Willsch, Matthias"]
[Result "0-1"]
[WhiteElo "2170"]
[BlackElo "2280"]
[PlyCount "46"]
[EventDate "1999.10.??"]
[EventType "team"]
[EventRounds "9"]
[EventCountry "GER"]
[SourceTitle "EXT 2001"]
[Source "ChessBase"]
[SourceDate "2000.11.22"]
[SourceVersion "1"]
[SourceVersionDate "2000.11.22"]
[SourceQuality "1"]

1. d4 d5 2. c4 e6 3. Nc3 c5 4. cxd5 cxd4 5. Qxd4 Nc6 6. Qd1 exd5 7. e3 Nf6 8. Nf3 Bd6 9. Be2 a6 10. 0-0 0-0 11. b3 Re8 12. Bb2 Bb8 13. Re1 Qd6 14. g3 Ba7 15. Rc1 Bh3 16. Na4 Ne4 17. Bd4 Nxd4 18. exd4 Qf6 19. Nc5 Re7 20. a3 Rae8 21. b4 Bg4 22. Qd3 Nxc5 23. dxc5 Bxf3 0-1

[Event "Wichern op 5th"]
[Site "Hamburg"]
[Date "1999.10.21"]
[Round "8.70"]
[White "Andersson, Niklas"]
[Black "Kluth, Carsten"]
[Result "0-1"]
[WhiteElo "1996"]
[BlackElo "2180"]
[PlyCount "92"]
[EventDate "1999.10.15"]
[EventType "swiss"]
[EventRounds "9"]
[EventCountry "GER"]
[SourceTitle "EXT 2001"]
[Source "ChessBase"]
[SourceDate "2000.11.22"]
[SourceVersion "1"]
[SourceVersionDate "2000.11.22"]
[SourceQuality "1"]

1. e4 c5 2. Nf3 Nc6 3. d4 cxd4 4. Nxd4 e5 5. Nb5 a6 6. Nd6+ Bxd6 7. Qxd6 Qf6 8. Qd1 Qg6 9. Nc3 d5 10. Nxd5 Qxe4+ 11. Be3 Nd4 12. Nc7+ Ke7 13. Qd3 Nxc2+ 14. Kd2 Qxd3+ 15. Bxd3 Nxe3 16. Nxa8 Nd5 17. Rac1 Ngf6 18. Nc7 Nf4 19. g3 Nxd3 20. Kxd3 Bg4 21. Ke3 e4 22. Rc5 Rd8 23. Kf4 Rd2 24. Nd5+ Nxd5+ 25. Kxg4 Ke6 26. f4 f5+ 27. Kh3 Ne3 28. Kh4 Rxb2 29. a4 h6 30. Rc7 Kf6 31. Rd7 g5+ 32. Kh5 gxf4 33. gxf4 Ke6 34. Rc7 Nd5 35. Rc8 Nxf4+ 36. Kxh6 Nd3 37. h4 f4 38. Rg1 f3 39. Re8+ Kf5 40. Rg5+ Kf4 41. Kg6 f2 42. h5 Kf3 43. Rf5+ Ke3 44. Ref8 Rb1 45. h6 Rg1+ 46. Rg5 Ne5+ 0-1

[Event "Wichern op 5th"]
[Site "Hamburg"]
[Date "1999.10.17"]
[Round "4.79"]
[White "Labahn, Thomas"]
[Black "Kluth, Carsten"]
[Result "0-1"]
[WhiteElo "1929"]
[BlackElo "2180"]
[PlyCount "84"]
[EventDate "1999.10.15"]
[EventType "swiss"]
[EventRounds "9"]
[EventCountry "GER"]
[SourceTitle "EXT 2001"]
[Source "ChessBase"]
[SourceDate "2000.11.22"]
[SourceVersion "1"]
[SourceVersionDate "2000.11.22"]
[SourceQuality "1"]

1. b4 d5 2. Bb2 Nf6 3. e3 Bf5 4. Nf3 e6 5. b5 c5 6. c4 Be7 7. Be2 0-0 8. 0-0 Nbd7 9. d4 Rc8 10. Nbd2 Bg6 11. Rc1 cxd4 12. exd4 dxc4 13. Nxc4 Nd5 14. Nfe5 N7b6 15. Nxg6 hxg6 16. Qb3 Nxc4 17. Rxc4 Qd7 18. Rfc1 Nb6 19. Rxc8 Rxc8 20. Rxc8+ Qxc8 21. Bf3 Bf6 22. h3 Qd7 23. Qb4 Be7 24. Qb3 Nd5 25. Qc4 Kh7 26. Kf1 Qd8 27. Bc1 Bf6 28. Bb2 Qd6 29. Ke2 Nb6 30. Qc5 Qd7 31. Qb4 Be7 32. Qb3 Nd5 33. Qc4 Qd6 34. a4 a6 35. bxa6 bxa6 36. Bxd5 exd5 37. Qb3 Bf6 38. a5 Qc6 39. Kd3 Bd8 40. Bc3 Qe6 41. f3 Bc7 42. Qb7 Qf5+ 0-1

[Event "Oberliga Nord N 9900"]
[Site "Germany"]
[Date "1999.??.??"]
[Round "?"]
[White "Tatenhorst, Volker"]
[Black "Kluth, Carsten"]
[Result "1/2-1/2"]
[WhiteElo "2260"]
[BlackElo "2170"]
[PlyCount "49"]
[EventDate "1999.10.??"]
[EventType "team"]
[EventRounds "9"]
[EventCountry "GER"]
[SourceTitle "EXT 2001"]
[Source "ChessBase"]
[SourceDate "2000.11.22"]
[SourceVersion "1"]
[SourceVersionDate "2000.11.22"]
[SourceQuality "1"]

1. d4 d5 2. Nf3 c6 3. g3 Bf5 4. Bg2 e6 5. 0-0 Nf6 6. Nh4 Bg4 7. b3 Nbd7 8. Bb2 Be7 9. Nf3 0-0 10. Nbd2 a5 11. Ne5 Nxe5 12. dxe5 Nd7 13. h3 Bh5 14. g4 Bg6 15. e4 dxe4 16. Nxe4 Bxe4 17. Bxe4 Qc7 18. Qe2 a4 19. Rfd1 Rfd8 20. Bg2 Bc5 21. a3 axb3 22. cxb3 Nb6 23. b4 Be7 24. Bd4 Nd5 25. Qc4 1/2-1/2

[Event "Wichern op 3rd"]
[Site "Hamburg"]
[Date "1995.??.??"]
[Round "1"]
[White "Bischoff, Klaus"]
[Black "Kluth, Carsten"]
[Result "1-0"]
[WhiteElo "2550"]
[BlackElo "2190"]
[PlyCount "85"]
[EventDate "1995.09.??"]
[EventType "swiss"]
[EventRounds "9"]
[EventCountry "GER"]
[SourceTitle "EXT 1997"]
[Source "ChessBase"]
[SourceDate "1996.11.15"]
[SourceVersion "1"]
[SourceVersionDate "1996.11.15"]
[SourceQuality "1"]

1. c4 e6 2. Nc3 d5 3. d4 c6 4. e3 Nf6 5. Nf3 Nbd7 6. Qc2 Bd6 7. Be2 0-0 8. b3 Re8 9. 0-0 dxc4 10. bxc4 e5 11. Rd1 Qe7 12. Rb1 e4 13. Nd2 Nf8 14. c5 Bc7 15. Nc4 Bg4 16. Ba3 Qd7 17. Ne5 Qf5 18. Nxg4 Nxg4 19. Bxg4 Qxg4 20. h3 Qd7 21. Nxe4 f5 22. Ng5 h6 23. Qc4+ Kh8 24. Nf7+ Kh7 25. Ne5 Bxe5 26. dxe5 Qe7 27. Rd6 Rad8 28. Qd3 Rxd6 29. exd6 Qf7 30. g4 g6 31. Rb4 Ne6 32. d7 Rd8 33. Rxb7 Ng5 34. gxf5 gxf5 35. Kg2 Ne4 36. Qd4 Qg6+ 37. Kh2 Ng5 38. Qf4 Nf7 39. Bb2 Rg8 40. Qg3 Qe6 41. d8Q Rxg3 42. Qh8+ Kg6 43. Qg8+ 1-0

[Event "Hamburg op"]
[Site "Hamburg"]
[Date "1992.??.??"]
[Round "9"]
[White "Kluth, Carsten"]
[Black "Reddmann, Hauke"]
[Result "0-1"]
[WhiteElo "2210"]
[BlackElo "2305"]
[PlyCount "78"]
[EventDate "1992.10.??"]
[EventType "swiss"]
[EventRounds "9"]
[EventCountry "GER"]
[SourceTitle "EXT 1997"]
[Source "ChessBase"]
[SourceDate "1996.11.15"]
[SourceVersion "1"]
[SourceVersionDate "1996.11.15"]
[SourceQuality "1"]

1. d4 Nf6 2. c4 e6 3. Nc3 Bb4 4. Qc2 c5 5. dxc5 Nc6 6. Nf3 Bxc5 7. a3 d5 8. e3 0-0 9. b4 Be7 10. Bb2 dxc4 11. Bxc4 Qc7 12. Nb5 Qb6 13. Nbd4 Bd7 14. Nxc6 Bxc6 15. Bd4 Qc7 16. Be5 Bd6 17. Bxd6 Qxd6 18. Rd1 Qe7 19. 0-0 a5 20. Rb1 axb4 21. axb4 Rfc8 22. Qe2 Ra4 23. Bd3 Rxb4 24. Rxb4 Qxb4 25. Rb1 Qd6 26. Nd4 Be4 27. Bxe4 Nxe4 28. Qb2 Rb8 29. f3 Nf6 30. Kf2 b6 31. h4 h5 32. Rc1 Qh2 33. Nc6 Rb7 34. Qb4 Rd7 35. Ne7+ Kh7 36. Qb1+ g6 37. Qb4 Ne4+ 38. fxe4 Qxh4+ 39. Kg1 Rxe7 0-1